000 00956nam0a22002411 4500
001 rc\901437
005 20260407072849.0
035 _a(NLR Aleph) 006076996
090 _a5057161
_c5057161
100 _a20041129d1984 |||y0rusy50 ca
101 0 _arus
102 _aRU
105 _ay |||||||||
200 1 _aРазвитие инициативы трудовых коллективов
_e[Сб. ст.]
_fАН СССР, Ин-т экономики
_gОтд. общ. пробл. полит. экономии социализма
_gОтв. ред. д. ю. н., проф. Е.П. Торкановский
210 _aМ.
_cБ. и.
_d1984
215 _a104 с.
_d20
702 1 _aТоркановский
_bЕ.П.
_gЕвгений Петрович
_4340
712 0 2 _aИнститут экономики
_cМосква
_9277114
_3RU\NLR\AUTH\882985
801 0 _aRU
_bNLR
_gpsbo
801 1 _aRU
_bELAR
_2rusmarc
852 _aNLR
_j85-3/11892
942 _cBOOK
980 _aNB